Rozvoj regiónu Prešov bakalárska práca

Salvato in:
Dettagli Bibliografici
Autore principale: Mazer, Filip
Ente Autore: Podnikovohospodárska fakulta EU so sídlom v Košiciach. Katedra ekonómie
Altri autori: Pétrová, Rozália
Natura: Libro
Lingua:slovacco
Pubblicazione: Košice 2009
Tags: Aggiungi Tag
Nessun Tag, puoi essere il primo ad aggiungerne!!

MARC

LEADER 00000nam$a2200000$$$4500
001 0106919
005 20240827092949.8
041 0 |a slo 
044 |a SK 
245 1 0 |a Rozvoj regiónu Prešov  |b bakalárska práca  |c Filip Mazer ; škol. Rozália Pétrová 
264 1 |a Košice  |c 2009 
300 |a 78 s. 
100 1 |a Mazer, Filip 
700 1 |a Pétrová, Rozália 
710 2 |a Podnikovohospodárska fakulta EU so sídlom v Košiciach. Katedra ekonómie